| 000 | 01743nam a22002894 4500 | ||
|---|---|---|---|
| 001 | 114552 | ||
| 003 | DR-UNIBE | ||
| 005 | 20260407154344.0 | ||
| 007 | cr nn 008mamaa | ||
| 008 | 260407b2026 xxu|||||s|||| 00| 0 eng d | ||
| 020 | _a9780443284885 (electrónico) | ||
| 040 |
_aBIBLIOTECA UNIBE _cBIBLIOTECA UNIBE _erda |
||
| 041 | _aeng | ||
| 100 |
_aKierszenbaum, Abraham L. _eautor _9204149 |
||
| 100 |
_a Tres, Laura L. _eautor _9204150 |
||
| 245 | 1 | 0 |
_aHistology and cell biology : _ban introduction to pathology |
| 250 | _aSexta edición | ||
| 260 |
_aPhiladelphia : _bElsevier, _c2026 |
||
| 300 |
_axvi, 804 páginas : _bilustraciones |
||
| 500 | _aRecurso en línea: Disponible para miembros de UNIBE a través del portal web del CRAI: https://www.unibe.edu.do/biblioteca/libros-electronicos/ | ||
| 505 | _a1. Epithelium | Cell biology | 2. Epithelial glands | Cell biology | 3. Cell signaling | Cell biology | Pathology | 4. Connective tissue | 5. Osteogenesis | 6. Blood and hematopoiesis | 7. Muscle tissue | 8. Nervous tissue | 9. Sensory organs: vision and hearing | 10. Immune-lymphatic system | 11. Integumentary system | 12. Cardiovascular system | 13. Respiratory system | 14. Urinary system | 15. Upper digestive segment | 16. Lower digestive segment | 17. Digestive glands | 18. Neuroendocrine system | 19. Endocrine system | 20. Spermatogenesis | 21. Sperm transport and maturation | 22. Folliculogenesis and menstrual cycle | 23. Fertilization, placentation and lactation | | ||
| 650 | 7 |
_aMedicina _2lemb _9190212 |
|
| 650 | 7 |
_aHistología _2lemb |
|
| 655 | 4 |
_aRecurso electrónico _942681 |
|
| 856 | _uhttps://www.clinicalkey.com/student/content/toc/3-s2.0-C20230515721 | ||
| 942 |
_2ddc _cEB |
||
| 999 |
_c114552 _d114552 |
||